Maʼsāt inhiyār al-wujūd al-ʻArabī bi-al-Andalus (Record no. 50819)

MARC details
000 -LEADER
fixed length control field 00858cam a22002531 4500
001 - CONTROL NUMBER
control field ne 68003738
003 - CONTROL NUMBER IDENTIFIER
control field DLC
005 - DATE AND TIME OF LATEST TRANSACTION
control field 20260227111847.0
008 - FIXED-LENGTH DATA ELEMENTS--GENERAL INFORMATION
fixed length control field 840111s1967 mr b 000 0 ararc
010 ## - LIBRARY OF CONGRESS CONTROL NUMBER
LC control number ne 68003738
035 ## - SYSTEM CONTROL NUMBER
System control number (OCoLC)10288183
040 ## - CATALOGING SOURCE
Original cataloging agency Princeton Univ. Libr.
Transcribing agency TxU
Modifying agency TxU
-- OCoLC
-- DLC
042 ## - AUTHENTICATION CODE
Authentication code premarc
050 00 - LIBRARY OF CONGRESS CALL NUMBER
Classification number DP102
Item number .T87
100 1# - MAIN ENTRY--PERSONAL NAME
Personal name Tawātī, ʻAbd al-Karīm.
245 10 - TITLE STATEMENT
Title Maʼsāt inhiyār al-wujūd al-ʻArabī bi-al-Andalus
Statement of responsibility, etc. [taʼlīf] ʻAbd al-Karīm al-Tuwātī.
250 ## - EDITION STATEMENT
Edition statement [al-Ṭabʻah 1]
260 ## - PUBLICATION, DISTRIBUTION, ETC.
Place of publication, distribution, etc. al-Dār al-Bayḍāʼ,
Name of publisher, distributor, etc. Maktabat al-Irshād,
Date of publication, distribution, etc. [1967]
300 ## - PHYSICAL DESCRIPTION
Extent 688 p. ;
Dimensions 24 cm.
500 ## - GENERAL NOTE
General note Cover title: La chute tragique de la présence arabe en Andalousie [par] Abdelkarim Touati.
504 ## - BIBLIOGRAPHY, ETC. NOTE
Bibliography, etc. note Bibliography: p. 682.
650 #0 - SUBJECT ADDED ENTRY--TOPICAL TERM
Topical term or geographic name entry element Arabs
Geographic subdivision Spain.
651 #0 - SUBJECT ADDED ENTRY--GEOGRAPHIC NAME
Geographic name Spain
General subdivision History
Chronological subdivision 711-1516.

No items available.

Powered by Koha